Voitures dans tous les Gran Turismo - Statistiques

Statistiques générales
  • Ce quiz a été pris 115 fois
  • Le résultat moyen est 6 sur 20
Statistiques - réponses
Hint Réponse % Correct
1994 Nissan SKYLINE GT-R V • spec II (R32)
80%
1997 Nissan SKYLINE GT-R V • spec (R33)
80%
1995 NISMO GT-R LM Road Going Version
48%
1993 Honda CIVIC SiR-II (EG)
43%
1991 Nissan SKYLINE GTS-t Type M (R32)
43%
1998 Mazda Roadster 1.8 RS (NB)
38%
1996 Mitsubishi Lancer Evolution IV GSR
38%
1989 Mazda Eunos Roadster (NA Special Package)
37%
1988 Mazda SAVANNA RX-7 INFINI III (FC)
37%
1996 Chevrolet Corvette GRAND SPORT (C4)
35%
1992 Honda NSX Type R
34%
1997 Honda NSX Type S Zero
34%
1997 Chevrolet Camaro Z28 Coupe
21%
1990 Nissan SILVIA K's (S13)
15%
1991 Nissan SILVIA K's (S13)
15%
1992 Honda CR-X del Sol SiR
10%
1996 Subaru LEGACY Touring Wagon GT-B
9%
1997 Mitsubishi FTO GP Version R
5%
1994 TVR Griffith 500
5%
1996 NISMO 400R
3%
Aucun quiz correspondant
Distribution des résultats
% des personnes avec chaque résultat
Percentile par nombre de réponses
Votre historique - résultats
Vous n’avez pas pris ce quiz